নগৰীয়া সমাজতত্ত্ৱ (Record no. 16348)
[ view plain ]
| 000 -LEADER | |
|---|---|
| fixed length control field | 00606nam a22002057a 4500 |
| 008 - FIXED-LENGTH DATA ELEMENTS--GENERAL INFORMATION | |
| fixed length control field | 260417b |||||||| |||| 00| 0 eng d |
| 020 ## - INTERNATIONAL STANDARD BOOK NUMBER | |
| International Standard Book Number | 978-93-5849-776-2 |
| Price | 190 |
| 040 ## - CATALOGING SOURCE | |
| Original Cataloguing agency | Sibsagar Commerce College Central Library |
| 041 ## - LANGUAGE CODE | |
| Language code of text/sound track or separate title | Assamese |
| 082 ## - DEWEY DECIMAL CLASSIFICATION NUMBER | |
| Classification number | 307.76 |
| Book Number | BHU |
| 100 ## - MAIN ENTRY--PERSONAL NAME | |
| Personal name | Bhuyan, D. K. |
| Fuller form of name | Dilip Kumar |
| 245 ## - TITLE STATEMENT | |
| Title | নগৰীয়া সমাজতত্ত্ৱ |
| Sub Title | Urban Sociology |
| 250 ## - EDITION STATEMENT | |
| Edition statement | 1st Ed. |
| 260 ## - PUBLICATION, DISTRIBUTION, ETC. | |
| Place of publication, distribution, etc. | Dibrugarh |
| Name of publisher, distributor, etc. | Pradyut Hazarika, Banalata |
| Date of publication, distribution, etc. | January 2026 |
| 300 ## - PHYSICAL DESCRIPTION | |
| Pages | 159 p. ; |
| Dimensions | 15 x 22 cm |
| 505 ## - FORMATED CONTENTS NOTE | |
| Formated content notes | Arts<br/>6th Semester<br/>NEP <br/>Core |
| 650 ## - Subject | |
| Subject | Sociology |
| 942 ## - ADDED ENTRY ELEMENTS (KOHA) | |
| Source of classification or shelving scheme | Dewey Decimal Classification |
| Koha item type | Books |
| Withdrawn status | Lost status | Source of classification or shelving scheme | Damaged status | Not for loan | Collection code | Home library | Current library | Shelving location | Date acquired | Source of acquisition | Cost, normal purchase price | Total Checkouts | Full call number | Barcode | Date last seen | Copy number | Cost, replacement price | Price effective from | Koha item type |
|---|---|---|---|---|---|---|---|---|---|---|---|---|---|---|---|---|---|---|---|
| Dewey Decimal Classification | Sociology | Sibsagar Commerce College Central Library | Sibsagar Commerce College Central Library | General Stacks | 10/04/2026 | Kitap Ghar | 190.00 | 307.76 BHU | 29179 | 17/04/2026 | 1 | 380.00 | 17/04/2026 | Books | |||||
| Dewey Decimal Classification | Sociology | Sibsagar Commerce College Central Library | Sibsagar Commerce College Central Library | General Stacks | 10/04/2026 | Kitap Ghar | 190.00 | 307.76 BHU | 29180 | 17/04/2026 | 2 | 380.00 | 17/04/2026 | Books | |||||
| Dewey Decimal Classification | Sociology | Sibsagar Commerce College Central Library | Sibsagar Commerce College Central Library | General Stacks | 10/04/2026 | Kitap Ghar | 190.00 | 307.76 BHU | 29181 | 17/04/2026 | 3 | 380.00 | 17/04/2026 | Books | |||||
| Dewey Decimal Classification | Sociology | Sibsagar Commerce College Central Library | Sibsagar Commerce College Central Library | General Stacks | 10/04/2026 | Kitap Ghar | 190.00 | 307.76 BHU | 29182 | 17/04/2026 | 4 | 380.00 | 17/04/2026 | Books |
